Journal of Institutional and Theoretical Economics (JITE) / Zeitschrift für die gesamte Staatswissenschaft

Podrobná bibliografie
Médium: Elektronický zdroj Časopis
Jazyk:English
Vydáno: Mohr Siebeck GmbH & Co. KG
Témata:
On-line přístup:Full text available on JSTOR[1986-03-01 - 2017-12-01]
Off-campus access
LEADER 01127cas a2200217 a 4500
001 AALejournalJSTOR001060
008 230228c9999 xx r poo 0 0eng d
022 |a 0932-4569 
022 |a 1614-0559 
040 |a BD-DhAAL  |c BD-DhAAL 
245 0 0 |h [electronic resource]  |a Journal of Institutional and Theoretical Economics (JITE) / Zeitschrift für die gesamte Staatswissenschaft 
260 |b Mohr Siebeck GmbH & Co. KG 
300 |a 1 online resource 
362 0 |a Vol. 142,  |a no. 1 
500 |a <strong>Off-Campus Access:</strong> Athens ID and Password Required 
500 |a <strong>On-Campus Access:</strong> No User ID or Password Required 
506 |a Electronic access restricted to authorized BRAC University faculty, staff and students 
538 |a Mode of access: Internet 
650 4 |a Business ; Business & Economics ; Economics ; Political Science ; Social Sciences 
856 4 0 |z Full text available on JSTOR[1986-03-01 - 2017-12-01]  |u https://www.jstor.org/journal/jinsttheoecon 
856 4 0 |z Off-campus access  |u https://go.openathens.net/redirector/bracu.ac.bd?url=https%3A%2F%2Fwww.jstor.org%2Fjournal%2Fjinsttheoecon